The lyric impulse/ (Record no. 46151)

MARC details
000 -LEADER
fixed length control field 00972nam a2200361 a 4500
001 - CONTROL NUMBER
control field vtls000043069
003 - CONTROL NUMBER IDENTIFIER
control field NLI
005 - DATE AND TIME OF LATEST TRANSACTION
control field 20210601184848.0
008 - FIXED-LENGTH DATA ELEMENTS--GENERAL INFORMATION
fixed length control field 101125s1965 enk 001 eng
020 ## - INTERNATIONAL STANDARD BOOK NUMBER
Terms of availability $ 17.95
039 #9 - LEVEL OF BIBLIOGRAPHIC CONTROL AND CODING DETAIL [OBSOLETE]
-- 201011250404
-- VLOAD
040 0# - CATALOGING SOURCE
Original cataloging agency NLI
Language of cataloging eng
Transcribing agency VERGIS-2003
041 0# - LANGUAGE CODE
Language code of text/sound track or separate title eng
044 ## - COUNTRY OF PUBLISHING/PRODUCING ENTITY CODE
MARC country code enk
082 04 - DEWEY DECIMAL CLASSIFICATION NUMBER
Classification number 821.04
100 1# - MAIN ENTRY--PERSONAL NAME
Personal name Day Lewis, C.
9 (RLIN) 98104
245 14 - TITLE STATEMENT
Title The lyric impulse/
Statement of responsibility, etc. C. Day Lewis
260 ## - PUBLICATION, DISTRIBUTION, ETC.
Place of publication, distribution, etc. London:
Name of publisher, distributor, etc. Chatto and Windus,
Date of publication, distribution, etc. c1965
300 ## - PHYSICAL DESCRIPTION
Extent 164 p.;
Dimensions 23 cm.
500 ## - GENERAL NOTE
General note Includes index
650 #0 - SUBJECT ADDED ENTRY--TOPICAL TERM
Topical term or geographic name entry element Lyric poetry
9 (RLIN) 90595
650 #0 - SUBJECT ADDED ENTRY--TOPICAL TERM
Topical term or geographic name entry element English poetry
General subdivision History and criticism
887 ## - NON-MARC INFORMATION FIELD
Content of non-MARC field P.Rajendran
901 ## - LOCAL DATA ELEMENT A, LDA (RLIN)
a 381321
b 22/08/1966
902 ## - LOCAL DATA ELEMENT B, LDB (RLIN)
a E 821.04 D 334 l
903 ## - LOCAL DATA ELEMENT C, LDC (RLIN)
a 21/05/2004
904 ## - LOCAL DATA ELEMENT D, LDD (RLIN)
a P.Rajendran
906 ## - LOCAL DATA ELEMENT F, LDF (RLIN)
a 044786
949 ## - LOCAL PROCESSING INFORMATION (OCLC)
-- VIRTUAITEM
-- 10000
-- 1
-- 100
6 PUR000381321ENG
a E 821.04 D334l
942 ## - ADDED ENTRY ELEMENTS (KOHA)
Source of classification or shelving scheme Dewey Decimal Classification
Koha item type Books
Holdings
Withdrawn status Lost status Damaged status Not for loan Collection code Home library Current library Shelving location Date acquired Total Checkouts Full call number Barcode Date last seen Price effective from Koha item type
        New English National Library of India National Library of India New English - Main Stack Division     E 821.04 D 334 l PUR000381321ENG 01/06/2021 01/06/2021 Books
                                                                           
web counter

Copyright ©2020 The National Library of India, Govt. of India ↔ Hosted by NVLI, MOC ↔ Technology and Design by National Library of India, Ministry of Culture, Govt. of India